000 01364nam0a22003251 4500
001 rc\3525349
005 20130115143519.0
021 _aRU
_b[73-68625]
035 _a(NLR Aleph) 007662994
090 _a6352055
_c6352054
100 _a20130115d1973 |||y0rusy50 ca
101 1 _arus
_cukr
102 _aRU
105 _aa z |||a|
200 1 _aКуда летишь журавлик?
_eДокум. повесть [о В. Саморухе
_fАвториз. пер. с укр. Н. Шашериной
_gИл.: П. Пинкисевич]
210 _aМосква
_cМол. гвардия
_d1973
215 _a174 с.
_cил.
_d20
225 1 _aЮные герои
300 _aВ вып. дан. авт.: Валько Иван Васильевич
606 _aДети в Великой Отечественной войне 1941-1945 гг. (д. л.)
_2psbo
606 _aПартизанское движение в Великой Отечественной войне 1941-1945 гг. (д. л.)
_2psbo
700 1 _aВалько
_bИ. В.
_gИван Васильевич
702 1 _aПинкисевич
_bП.
_4440
702 1 _aШашерина
_bН.
_4730
702 1 _aСаморуха
_bВ. П.
_gВладимир Петрович
_4570
801 0 _aRU
_bNLR
_gpsbo
801 1 _aRU
_bELAR
_2rusmarc
852 _aNLR
_j73-3/6182
942 _cBOOK
980 _aNB